Gente del Wyoming /

Guardat en:
Dades bibliogràfiques
Autor principal: Proulx, Annie (Autor)
Altres autors: Dèttore, Mariapaola (Traductor)
Format: Llibre
Publicat: Milano Baldini Castoldi Dalai c2005
Edició:2. ed.
Col·lecció:Romanzi e racconti ; 337
Etiquetes: Afegir etiqueta
Sense etiquetes, Sigues el primer a etiquetar aquest registre!

MARC

LEADER 00000nam a22000007i 4500
001 CDOM0000002066
003 mi
005 20250920225539.0
008 050928s2005 it |||||| ||||| |||||c
020 |a 8884908329 
040 |c mi 
100 1 |a Proulx, Annie  |0 IT\ICCU\REAV\094500  |4 aut 
245 1 0 |a Gente del Wyoming /  |c E. Annie Proulx ; traduzione di Mariapaola Dèttore. 
250 |a 2. ed. 
260 |a Milano  |b Baldini Castoldi Dalai  |c c2005 
300 |a 51 p.  |c 22 cm 
700 |a Dèttore, Mariapaola  |0 IT\ICCU\CFIV\022709  |4 trl 
830 0 |a Romanzi e racconti ;  |v 337  |0 IT\ICCU\RAV\0187056 
942 |2 ddc  |c BK  |n 0 
952 |0 0  |1 0  |2 ddc  |4 0  |6 B_LNR02PROANSEG11  |7 0  |9 8543  |a MI  |b MI  |d 2006-02-24  |i 5093  |l 0  |o B-LNR02-PROAN-SEG11  |p CDOM5093  |r 2025-07-17 21:50:00  |w 2025-07-17  |x ACQUISTO  |y BK 
999 |c 7116  |d 7116